Statistics for F.R.I.E.N.D.S Characters

Click here to take the quiz!

General Stats

  • This quiz has been taken 108 times
  • The average score is 25 of 37

Answer Stats

Episode CountCharacter% Correct
236Chandler
100%
236Joey
100%
236Monica
100%
236Phoebe
100%
236Rachel
100%
236Ross
100%
160Gunther
97%
21Jack
93%
20Judy
91%
10Richard
91%
6Ben
88%
12Susan
88%
15Carol
87%
19Janice
85%
14Emily
84%
18Mike
84%
5David
73%
9Frank
68%
8Tag
68%
8Julie
67%
9Charlie
63%
6Kathy
63%
6Pete
61%
5Joshua
59%
5Nora
56%
11Estelle
55%
6Alice
53%
5Janine
53%
5Elizabeth
51%
5Mr. Heckles
47%
6Barry
44%
6Mark
44%
5Erica
43%
7Mona
43%
6Mr. Zelner
31%
6Dr. Long
12%
5Jasmine
8%

Score Distribution

Percentile by Number Answered

Percent of People with Each Score

Your Score History

You have not taken this quiz